000 01549nam a22003497a 4500
003 DO-SdBNP
005 20180312111403.0
008 160427b 2014 dr 00| 0 spa d
020 _a9789945118940 (v. )
020 _a9789945118919 (v. 2, e. 2)
040 _aBPMSU
_bspa
_cBPMSU
082 _a372.257
_bC569n 2do. 2014
092 _a
245 _aCiencias naturales 2 :
_beducación primaria /
_cÁngela Segura de Óleo ... [et al.] dirección editorial Claudia Llibre
260 _aSanto Domingo :
_bSantillana,
_c2014.
300 _a2 v. :
_bil, retrs. ;
_c28 cm.
490 1 _aProyecto todos juntos
500 _aLa biblioteca posee el libro y el cuaderno.
505 0 _aUnidad 1. ¿Cómo es tu cuerpo? -- Unidad 2. Las plantas y los animales -- Unidad 3. Alimentación y crecimiento -- Unidad 4. ¿Cómo son las cosas de tu entorno? -- Unidad 5. El agua -- Unidad 6. Fuerza y movimiento -- Unidad 7. El planeta tierra -- Unidad 8. El agua y el aire en la naturaleza .
650 _aCIENCIAS NATURALES
_xENSEÑANZA BÁSICA
650 4 _aCIENCIAS NATURALES
_xESTUDIOS Y EJERCICIOS
650 4 _aCIENCIAS NATURALES
_xLIBROS DE TEXTOS
650 4 _aCIENCIAS NATURALES
_xEDUCACIÓN PRIMARIA
650 4 _aEDUCACIÓN PRIMARIA
_zREPÚBLICA DOMINICANA
700 1 2 _aSegura de Óleo, Ángela.
700 1 2 _aLlibre, Claudia,
_eed.
830 0 _aProyecto todos juntos
910 _aValidado. Control de calidad MFF
942 _2ddc
_cBK
945 _aRemanejada para la BNPHU 2018 / BT
956 _aBTAVAREZ
_b10
_c20160603
_dBPMSU
_f0038
999 _c9936
_d9936